| 000 | 00635nam a22002051c 4500 | ||
|---|---|---|---|
| 001 | 00175233284 | ||
| 008 | 050919s1999 gw |||| 000u eng d | ||
| 020 |
_a0773518819 _90-7735-1881-9 |
||
| 041 | _aeng | ||
| 100 | 1 | _aKonecny, Peter | |
| 245 | 0 | 0 |
_aBuilders and deserters : _bstudents, state, and community in Leningrad, 1917 - 1941 / _cPeter Konecny |
| 264 |
_aMontreal [u.a.] : _bMcGill-Queen's Univ. Press, _c1999 |
||
| 300 | _aXIII, 358 S. | ||
| 650 | 0 | _aStudenten, sowj. <1917-1941> | |
| 650 | 0 | _aLeningrad <1917-1941> | |
| 650 | 0 | _aBildungspolitik <1917-1941> | |
| 942 | _cMG | ||
| 040 | _cRU-10907106 | ||
| 003 | RU-10907106 | ||
| 999 |
_c6169 _d6169 |
||